00842nam a2200205 i 450000100060000000300090000600500170001500700030003200800410003510000410007624501120011726000430022930000390027249000650031171000270037683000730040385200220047699900170049895201210051574297ES-MaACL20230906172100.0t|040916s1917 sp ||||1| spa d1 aGonzález Fragoso, Romualdo.95863710aIntroducción al estudio de la flórula de micromicetos de Cataluña /cpor Romualdo González Fragoso. aBarcelona : bMuseo Martorell, c1917. a187p., 1 lám. : bil. ; c25 cm.1 aPublicaciones de la Junta de Ciencias Naturales de Barcelona2 aMuseo Martorell.958900 aPublicaciones de la Junta de Ciencias Naturales de Barcelona9231209 aES-MaACLjG-14171 c74297d74297 00104070aATENEOMbATENEOMcSPP3d2008-01-17eSCl0oG-14171p1077771r2023-02-23 00:00:00w2023-02-23yMONOGRAFIA